000
00183 a2200097 4500
001
4927
100
_a
sherman,HC
245
_a
Foods
260
_a
_b
columbia
_c
090
_c
4112
_d
4112
942
_a
NUST-CAE
_c
M
_c
30393
999
_c
240000
_d
240000